Largest Worldwide Pen Companies - Statistics

General Stats
  • This quiz has been taken 4 times
  • The average score is 16 of 26
Answer Stats
Hint Answer % Correct
This producer of cheap pens, along with pencils, lighters, and razors, was founded by a certain Marcel in 1945 Bic
100%
This French company, along with its luxury pens, is famed for its exquisite lighters that are produced in Paris Dupont/S.T. Dupont/
100%
Known for the Jotter, Sonnet, and Duofold Pens Parker
100%
The name of this Swiss company means "pencil" in Russian, and produces the 849 ballpoint Caran d' Ache/ Carandache/ Caran d Ache
67%
This company, known for providing pens for the President and other government officials, is known for its Bailey and Century Classic Lines Cross/A.T. Cross
67%
Germany company, known for their production of wooden and mechanical pencils, and its Graph-Von___ line of products Faber- Castell
67%
The Spacepen is manufactured by this company in Boulder City, Nevada Fisher
67%
This company's Sport Classic is one among many pens to be produced in its factory in Nurnberg, Germany Kaweco
67%
This company from Hiedelburg was founded by a representative of Parker in Germany, and produces the Safari, Vista, and 2,000 lines Lamy
67%
Known for their luxury Meisterstuck line Montblanc
67%
The Horizon and promecha lines are produced by this Japanese manufacturer Ohto
67%
Produced in Hannover, Germany, this company's goods are marked with an emblem of a prominent water-bird Pelikan
67%
This company produces the Energel and Sharp Pentel
67%
This Japanese company produces the G-2, and the Vanishing Point Fountain Pen Pilot
67%
This comapny, headquartered in Hamburg, and which has moved producton to Japan, is known for it's pencils' and pens' distint red circular marks Rotring
67%
This Japanese company's logo is an anchor, and produces the 1911 Fountain Pen Sailor
67%
This Japanese company, also known as Mitsubishi pencil, produces the Jetstream, Kuru Toga, and Pipe Lock Uni
67%
Was founded in New York 1884, is known for its Hemisphere and Carene lines Waterman
67%
This brand produces the Epsilon, and its headquarters in Torino, Italy, harbour a Fountain Pen Museum Aurora
33%
This brand is Pilot's luxury offshoot, and its emblem is a nib Namiki
33%
This company is one of the largest nib and refill manufacturers, along with Bock Schmidt
33%
this German company produces the rave ballpoint pen Schneider
33%
Brand that the above acquired in 2014 Sheaffer
33%
This German company was founded in 1835, and is a famed manufacturer of drafting materials Staedtler
33%
This company from Florence is known for its production of unique and innovative pens Visconti
33%
This Japanese stationary company shares its name with a quadraped found in the savannah Zebra
33%
No matching quizzes found
Score Distribution
Percent of People with Each Score
Percentile by Number Answered
Your Score History
You have not taken this quiz